000 00451nam a2200181Ia 4500
001 13478
005 20260306164804.0
008 260306t2006||||xx |||||||||||||| ||spa||
041 _aESP
082 _a004.22
_bS47
100 _aShen, John Paul
_eAUT
245 0 _aArquitectura de computadores:
_bfundamentos de los procesadores superescalares
260 _c2006
300 _a
_c
650 _aGEN
654 _aCCC
942 _cLIB
_dJUS
_fJUS
_2ddc
_n
999 _c13478
_d13478